[Event "I Festival A"]
[Site "Bernate Ticino ITA"]
[Date "1998.07.10"]
[Round "2"]
[White "Strazzeri, Marco"]
[Black "Bonazzi, Edoardo"]
[Result "1/2-1/2"]
[WhiteElo "1654"]
[BlackElo "1933"]
[PlyCount "58"]
[EventDate "1998.07.09"]

1. e4 c5 2. c3 d5 3. exd5 Qxd5 4. d4 cxd4 5. cxd4 Nc6 6. Be3 e5 7. dxe5 Qxd1+
8. Kxd1 Nxe5 9. Bb5+ Bd7 10. Bxd7+ Nxd7 11. Nf3 Ngf6 12. Re1 O-O-O 13. Ke2 Nd5
14. Bg5 f6 15. Bh4 Nf4+ 16. Kf1 Nd3 17. Re2 Bc5 18. Rc2 Nb4 19. Rc1 Nc6 20.
Nbd2 Bb6 21. Bg3 Bc7 22. Bxc7 Kxc7 23. Nb3 Kb8 24. Nc5 Nxc5 25. Rxc5 Nb4 26. a3
Nd3 27. Rc2 b6 28. Rd2 Nc5 29. Rad1 Ne6 1/2-1/2

[Event "I Festival A"]
[Site "Bernate Ticino ITA"]
[Date "1998.07.10"]
[Round "2"]
[White "Tavecchia, Mario"]
[Black "Aranovitch, Emiliano"]
[Result "1/2-1/2"]
[WhiteElo "1630"]
[BlackElo "2160"]
[PlyCount "102"]
[EventDate "1998.07.09"]

1. d4 Nf6 2. Nc3 c5 3. dxc5 e5 4. e4 Bxc5 5. Bc4 Qb6 6. Qe2 d6 7. h3 Be6 8.
Bxe6 fxe6 9. Bd2 Qc7 10. Na4 Nbd7 11. Nf3 h6 12. Nc3 a6 13. a3 b5 14. Be3 Qc6
15. Bxc5 Nxc5 16. Nd2 O-O 17. O-O Nfd7 18. Rfe1 Rf6 19. Na2 Nf8 20. Nb4 Qb6 21.
Qe3 a5 22. Nd3 Na4 23. Qxb6 Nxb6 24. c3 Rf7 25. f3 Rc7 26. Rad1 Kf7 27. Kf2 Ke7
28. Nf1 Nc4 29. Re2 Nd7 30. Ne3 Rb8 31. Nc2 Rbc8 32. Nce1 Kf6 33. Kg3 Nf8 34.
Kf2 g5 35. g3 Ng6 36. Ng2 Ke7 37. Ne3 Rf8 38. Nxc4 bxc4 39. Ne1 h5 40. Kg2 Rb8
41. Rdd2 Rcb7 42. Kf2 Rf8 43. Kg2 h4 44. Rd1 Rh8 45. Rf2 hxg3 46. Kxg3 Rb6 47.
Ng2 Nf4 48. Nxf4 exf4+ 49. Kg2 e5 50. Rd5 Rhb8 51. Rdd2 Ke6 1/2-1/2

[Event "I Festival A"]
[Site "Bernate Ticino ITA"]
[Date "1998.07.10"]
[Round "2"]
[White "Vujovic, Milorad"]
[Black "Rovatti, Paolo"]
[Result "1-0"]
[WhiteElo "2275"]
[BlackElo "2055"]
[PlyCount "41"]
[EventDate "1998.07.09"]

1. e4 c6 2. d4 d5 3. Nc3 dxe4 4. Nxe4 Bf5 5. Ng3 Bg6 6. N1e2 Nf6 7. Nf4 e6 8.
h4 Ne4 9. Nxe4 Bxe4 10. f3 e5 11. fxe4 exf4 12. Bxf4 Be7 13. h5 h6 14. Qd2 a5
15. O-O-O b5 16. d5 Qb6 17. d6 Bd8 18. d7+ Kf8 19. Be3 Qc7 20. Kb1 b4 21. Bc4
1-0

[Event "I Festival A"]
[Site "Bernate Ticino ITA"]
[Date "1998.07.10"]
[Round "2"]
[White "Zotti, Enrico"]
[Black "Dallaglio, Giovanni"]
[Result "1-0"]
[WhiteElo "1725"]
[BlackElo "2070"]
[PlyCount "67"]
[EventDate "1998.07.09"]

1. e4 e6 2. d4 d5 3. Nd2 dxe4 4. Nxe4 Nd7 5. Nf3 Ngf6 6. Nxf6+ Nxf6 7. Bd3 c5
8. c3 Qc7 9. O-O h6 10. Qe2 Bd7 11. Bd2 Bd6 12. dxc5 Bxc5 13. b4 Bd6 14. c4 Bc6
15. g3 O-O 16. Rac1 Rfd8 17. c5 Bxf3 18. Qxf3 Be7 19. Rfd1 Qc6 20. Qxc6 bxc6
21. Ba6 Rab8 22. a3 Ne4 23. Bf4 Rxd1+ 24. Rxd1 Rd8 25. Rxd8+ Bxd8 26. Bb8 Bf6
27. Bd3 Nd2 28. Bxa7 Bb2 29. a4 Nf3+ 30. Kh1 Ne5 31. Be2 Bd4 32. f4 Ng6 33. Bb8
Ne7 34. a5 1-0

[Event "I Festival A"]
[Site "Bernate Ticino ITA"]
[Date "1998.07.10"]
[Round "3"]
[White "Aranovitch, Emiliano"]
[Black "Di Lascio, Savino"]
[Result "1-0"]
[WhiteElo "2160"]
[BlackElo "1753"]
[PlyCount "91"]
[EventDate "1998.07.09"]

1. e4 c6 2. d4 d5 3. exd5 cxd5 4. c4 Nf6 5. Nc3 Nc6 6. Nf3 g6 7. Bg5 Qa5 8.
Bxf6 exf6 9. cxd5 Bb4 10. dxc6 Bxc3+ 11. bxc3 Qxc3+ 12. Nd2 bxc6 13. Be2 Qxd4
14. Nb3 Qe5 15. Qd4 O-O 16. Qxe5 fxe5 17. Rc1 Rd8 18. O-O Rd6 19. Bf3 Bd7 20.
Rfd1 Rxd1+ 21. Rxd1 Be8 22. Rc1 Rc8 23. Na5 c5 24. Nb7 Bc6 25. Nd6 Rd8 26. Nxf7
Rd2 27. Bxc6 Kxf7 28. Kf1 Ke7 29. Be4 Rd4 30. f3 Kd6 31. Ke2 c4 32. Rd1 Kc5 33.
Rxd4 exd4 34. Kd2 Kb4 35. f4 a5 36. g4 Kc5 37. f5 gxf5 38. gxf5 h6 39. f6 Kd6
40. f7 Ke7 41. Bd5 c3+ 42. Kd3 Kf8 43. Bb3 a4 44. Bxa4 Kxf7 45. Kxd4 h5 46.
Kxc3 1-0

[Event "I Festival A"]
[Site "Bernate Ticino ITA"]
[Date "1998.07.10"]
[Round "3"]
[White "Bonazzi, Edoardo"]
[Black "Dallaglio, Giovanni"]
[Result "0-1"]
[WhiteElo "1933"]
[BlackElo "2070"]
[PlyCount "44"]
[EventDate "1998.07.09"]

1. e4 d5 2. exd5 Qxd5 3. Nc3 Qa5 4. d4 Nf6 5. Nf3 c6 6. Bd2 Bg4 7. h3 Bxf3 8.
Qxf3 e6 9. Bc4 Qc7 10. O-O-O Nbd7 11. Rhe1 O-O-O 12. g4 Nb6 13. Bf1 Rxd4 14. g5
Nfd5 15. Nxd5 cxd5 16. Ba5 Qf4+ 17. Qxf4 Rxf4 18. Bxb6 axb6 19. Rd2 Be7 20. Re5
Bd6 21. Re3 Rf5 22. Rc3+ Kb8 0-1

[Event "I Festival A"]
[Site "Bernate Ticino ITA"]
[Date "1998.07.10"]
[Round "3"]
[White "Drabke, Lorenz Maximilian"]
[Black "Strazzeri, Marco"]
[Result "1-0"]
[WhiteElo "1906"]
[BlackElo "1654"]
[PlyCount "43"]
[EventDate "1998.07.09"]

1. e4 c6 2. d4 d5 3. Nd2 dxe4 4. Nxe4 Bf5 5. Ng3 Bg6 6. h4 h6 7. f4 e6 8. Nf3
Nd7 9. h5 Bh7 10. Bd3 Bxd3 11. Qxd3 Qc7 12. Bd2 Bd6 13. Ne5 Bxe5 14. fxe5 Rd8
15. Qa3 b6 16. O-O-O c5 17. Ne4 Nxe5 18. dxe5 Qxe5 19. Qa4+ Kf8 20. Bc3 Rxd1+
21. Rxd1 Qc7 22. Qd7 1-0

[Event "I Festival A"]
[Site "Bernate Ticino ITA"]
[Date "1998.07.10"]
[Round "3"]
[White "Fiori, Mauro"]
[Black "Carbone, Lorenzo"]
[Result "0-1"]
[WhiteElo "1600"]
[BlackElo "1665"]
[PlyCount "82"]
[EventDate "1998.07.09"]

1. d4 d5 2. c4 e6 3. Nc3 Nf6 4. Bg5 Be7 5. e3 b6 6. cxd5 exd5 7. Bd3 O-O 8. Rc1
Bb7 9. Qc2 Nbd7 10. Nf3 c5 11. Bf5 h6 12. h4 a6 13. Bf4 b5 14. g4 b4 15. g5 Nh5
16. Ne2 cxd4 17. Qc7 Bc8 18. gxh6 Nxf4 19. Nxf4 dxe3 20. hxg7 exf2+ 21. Kxf2
Kxg7 22. Nxd5 a5 23. Qc6 Ra6 24. Qc4 Bc5+ 25. Kf1 Rg6 26. Bxg6 fxg6 27. Kg2 Bb7
28. Rcf1 Qa8 29. Nf4 Kh7 30. Qe6 Rxf4 31. Qxd7+ Kh8 32. Rh3 Rd4 33. Qf7 Qa6 34.
Re1 Rd2+ 35. Kh1 Rd8 36. h5 g5 37. h6 Rg8 38. h7 Rf8 39. Qh5 Qa8 40. Rf1 Qd8
41. Qh6 Qd3 0-1

[Event "I Festival A"]
[Site "Bernate Ticino ITA"]
[Date "1998.07.10"]
[Round "3"]
[White "Genovese, Maurizio"]
[Black "Vujovic, Milorad"]
[Result "1-0"]
[WhiteElo "2285"]
[BlackElo "2275"]
[PlyCount "75"]
[EventDate "1998.07.09"]

1. d4 Nf6 2. c4 e6 3. Nc3 Bb4 4. e3 c5 5. Bd3 Bxc3+ 6. bxc3 Nc6 7. Ne2 d6 8.
O-O b6 9. f4 Qe7 10. e4 Na5 11. Ng3 h6 12. e5 dxe5 13. fxe5 Nd7 14. Ne4 Nb7 15.
Qf3 Rb8 16. Qg3 g6 17. Bd2 Kd8 18. Rf2 Kc7 19. d5 Kd8 20. d6 Qe8 21. Raf1 Nf8
22. Rxf7 Bd7 23. Re7 Kc8 24. Rxe8+ Bxe8 25. Nf6 Bc6 26. Be4 Nd8 27. Qf3 Kb7 28.
Bxc6+ Nxc6 29. Qe4 Rd8 30. Nd5 exd5 31. cxd5 Na5 32. e6 Rxd6 33. Qf4 Nh7 34.
Qxd6 Ng5 35. Bxg5 hxg5 36. Rf7+ Ka6 37. a4 Ra8 38. Qd7 1-0

[Event "I Festival A"]
[Site "Bernate Ticino ITA"]
[Date "1998.07.10"]
[Round "3"]
[White "Giuberchio, Cesare"]
[Black "Lapiccirella, Mattia"]
[Result "1/2-1/2"]
[WhiteElo "1723"]
[BlackElo "2030"]
[PlyCount "41"]
[EventDate "1998.07.09"]

1. e4 c5 2. Nf3 Nc6 3. d4 cxd4 4. Nxd4 Nf6 5. Nc3 d6 6. Bc4 e6 7. Be3 a6 8. Qe2
Qc7 9. Bb3 Be7 10. O-O-O b5 11. g4 Na5 12. g5 Nxb3+ 13. axb3 Nd7 14. Nf5 exf5
15. Nd5 Qd8 16. exf5 Bb7 17. Rhe1 Bxd5 18. Rxd5 O-O 19. f6 Nxf6 20. gxf6 Bxf6
21. Red1 1/2-1/2

[Event "I Festival A"]
[Site "Bernate Ticino ITA"]
[Date "1998.07.10"]
[Round "3"]
[White "Griffa, Roberto"]
[Black "Pagnoncelli, Marco"]
[Result "1-0"]
[WhiteElo "2070"]
[BlackElo "2120"]
[PlyCount "107"]
[EventDate "1998.07.09"]

1. d4 Nf6 2. Nf3 g6 3. Bg5 Bg7 4. Nbd2 d6 5. c3 Nbd7 6. e4 O-O 7. Bc4 e5 8.
dxe5 dxe5 9. O-O h6 10. Bh4 g5 11. Bg3 Nh5 12. Re1 Nf4 13. Qc2 Qe7 14. Bf1 Rd8
15. Nc4 Nf8 16. Ne3 N8g6 17. Nd2 Be6 18. Nf5 Qd7 19. Nb3 Bxf5 20. exf5 Ne7 21.
Bxf4 gxf4 22. Rad1 Qxf5 23. Bd3 Qg5 24. Nd2 Kh8 25. Nf3 Qh5 26. Qe2 Nc6 27. Qe4
Rxd3 28. Qxd3 f5 29. Qb5 Rg8 30. Qxb7 e4 31. Qxc6 exf3 32. Rd3 fxg2 33. Qxc7 f3
34. Qf4 Bf6 35. Qxf3 Qg6 36. Rd5 Bh4 37. Qxf5 Qg7 38. Re2 Rf8 39. Qe5 Bf6 40.
Qg3 Qf7 41. Rd1 Qc4 42. Red2 Rg8 43. Qh3 Bg5 44. Qd3 Qf7 45. Qd4+ Bf6 46. Qe4
Re8 47. Qc2 Rf8 48. Rd7 Be7 49. Rxa7 Qe6 50. Ra5 Bd6 51. Rxd6 Qxd6 52. Rf5 Rxf5
53. Qxf5 Qd1+ 54. Kxg2 1-0

[Event "I Festival A"]
[Site "Bernate Ticino ITA"]
[Date "1998.07.10"]
[Round "3"]
[White "Lapiccirella, Daniele"]
[Black "Mazzini, Antonio"]
[Result "0-1"]
[WhiteElo "1639"]
[BlackElo "1912"]
[PlyCount "78"]
[EventDate "1998.07.09"]

1. d4 Nf6 2. c4 c5 3. d5 d6 4. Nc3 g6 5. e4 Bg7 6. f3 O-O 7. Be3 e6 8. Bd3 exd5
9. cxd5 Na6 10. Nge2 Nc7 11. O-O Rb8 12. a4 b6 13. Qd2 Re8 14. Rfe1 a6 15. Rab1
a5 16. b3 Ba6 17. Nc1 b5 18. N1e2 Qd7 19. Red1 Rb7 20. axb5 Bxb5 21. Bxb5 Nxb5
22. Nxb5 Qxb5 23. Qc2 Nd7 24. Nc3 Qb4 25. Bd2 Reb8 26. Na4 Bd4+ 27. Kh1 Qb5 28.
Bc3 Be5 29. Bxe5 Nxe5 30. Nc3 Qb4 31. Qc1 Qb6 32. Na4 Qb5 33. Nc3 Qa6 34. Qc2
c4 35. bxc4 Qxc4 36. Rxb7 Rxb7 37. Rc1 Re7 38. Qe2 Nd3 39. Rc2 a4 0-1

[Event "I Festival A"]
[Site "Bernate Ticino ITA"]
[Date "1998.07.10"]
[Round "3"]
[White "Loncar, Robert"]
[Black "Barlocco, Carlo"]
[Result "1-0"]
[WhiteElo "2410"]
[BlackElo "2215"]
[PlyCount "107"]
[EventDate "1998.07.09"]

1. Nf3 d5 2. c4 c6 3. d4 e6 4. Qc2 Nf6 5. Nbd2 Nbd7 6. g3 Bd6 7. Bg2 O-O 8. O-O
Re8 9. a3 e5 10. cxd5 cxd5 11. dxe5 Nxe5 12. Nxe5 Bxe5 13. Nf3 Qc7 14. Qa4 Bd7
15. Qb3 Bc6 16. Be3 Ne4 17. Nxe5 Qxe5 18. Rad1 a5 19. Rd4 a4 20. Qd1 Ra5 21.
Bf4 Qe6 22. Bd2 Raa8 23. Bb4 Bb5 24. Re1 Bc4 25. f3 Nf6 26. e3 Bb3 27. Qd2 Rac8
28. Bc3 Rc4 29. Rxc4 Bxc4 30. Qd4 Rc8 31. Qh4 Bb3 32. Bh3 Rc4 33. Bxe6 Rxh4 34.
Bxf7+ Kxf7 35. gxh4 Nd7 36. Bd4 Nb8 37. Kf2 Nc6 38. Rg1 g6 39. h5 Bc2 40. hxg6+
hxg6 41. h4 Nxd4 42. exd4 Kf6 43. Rc1 Bd3 44. Rc3 Bb5 45. b4 Kf5 46. Rc5 Bc4
47. b5 b6 48. Rxc4 dxc4 49. Ke3 Ke6 50. Kd2 Kd6 51. Kc3 Kd5 52. f4 Ke4 53. Kxc4
Kxf4 54. Kd5 1-0

[Event "I Festival A"]
[Site "Bernate Ticino ITA"]
[Date "1998.07.10"]
[Round "3"]
[White "Lovati, Paolo"]
[Black "Piazza, Carlo"]
[Result "1-0"]
[WhiteElo "2050"]
[BlackElo "1711"]
[PlyCount "73"]
[EventDate "1998.07.09"]

1. g3 g6 2. Bg2 Bg7 3. c4 Nf6 4. Nc3 O-O 5. d3 d6 6. Nf3 e5 7. O-O h6 8. Rb1
Nc6 9. b4 Nh7 10. b5 Ne7 11. Bd2 f5 12. Ne1 f4 13. Ne4 Ng5 14. Bc3 c5 15. bxc6
Nxc6 16. Nc2 Qe7 17. Nb4 Nf7 18. Nd5 Qd8 19. gxf4 Qh4 20. Qd2 Rb8 21. Kh1 g5
22. fxg5 Nxg5 23. f4 Nh3 24. fxe5 Rxf1+ 25. Rxf1 Nxe5 26. Ndf6+ Kh8 27. Nxd6
Nf2+ 28. Rxf2 Qxf2 29. Bxe5 Be6 30. Ng4 Qh4 31. Bxg7+ Kxg7 32. Qc3+ Kg8 33.
Nf6+ Kf8 34. Nde4 Kf7 35. Bf3 Qf4 36. Bh5+ Kf8 37. Qb4+ 1-0

[Event "I Festival A"]
[Site "Bernate Ticino ITA"]
[Date "1998.07.10"]
[Round "3"]
[White "Pedemonte, Claudio"]
[Black "Marigo, Narciso"]
[Result "0-1"]
[WhiteElo "1659"]
[BlackElo "1687"]
[PlyCount "68"]
[EventDate "1998.07.09"]

1. c4 e5 2. g3 Bc5 3. Bg2 Ne7 4. Nf3 d6 5. d4 exd4 6. Nxd4 O-O 7. O-O Nd7 8.
Nc3 a6 9. e4 Ne5 10. b3 Bg4 11. Nf3 N7c6 12. Bf4 Nd4 13. Bxe5 dxe5 14. h3 Bxf3
15. Bxf3 Qf6 16. Bg2 c6 17. Qg4 Rad8 18. Rad1 g6 19. h4 Rd6 20. Kh2 Rfd8 21. f4
exf4 22. Rxf4 Qe5 23. Rc1 h5 24. Qh3 Ne6 25. Rff1 Rd2 26. Rfd1 Rxd1 27. Nxd1
Rd2 28. Kh1 Qd4 29. Nc3 Bb4 30. g4 Nf4 31. Qg3 Rxg2 32. Qxf4 Bd6 33. Qxd6 Qxd6
34. Kxg2 Qd2+ 0-1

[Event "I Festival A"]
[Site "Bernate Ticino ITA"]
[Date "1998.07.10"]
[Round "3"]
[White "Ponti, Lorenzo"]
[Black "Ruzza, Claudio"]
[Result "1/2-1/2"]
[WhiteElo "1864"]
[BlackElo "1818"]
[PlyCount "57"]
[EventDate "1998.07.09"]

1. d4 g6 2. Nf3 Bg7 3. Bg5 c6 4. e3 d6 5. Nbd2 Bg4 6. Bd3 Nd7 7. h3 Bxf3 8.
Nxf3 Ndf6 9. Qe2 Qa5+ 10. c3 e5 11. Bxf6 Nxf6 12. Nd2 O-O 13. O-O Rfe8 14. Nc4
Qc7 15. dxe5 dxe5 16. e4 Rad8 17. Rad1 Nd7 18. Rd2 Nf8 19. Rfd1 Ne6 20. g3 Bh6
21. Ne3 Kg7 22. Bc2 Rxd2 23. Rxd2 Rd8 24. Rxd8 Qxd8 25. Ng4 Bc1 26. b3 Qd2 27.
Qxd2 Bxd2 28. Nxe5 Bxc3 29. Nf3 1/2-1/2

[Event "I Festival A"]
[Site "Bernate Ticino ITA"]
[Date "1998.07.10"]
[Round "3"]
[White "Rovatti, Paolo"]
[Black "Morselli, Stefano"]
[Result "0-1"]
[WhiteElo "2055"]
[BlackElo "1732"]
[PlyCount "64"]
[EventDate "1998.07.09"]

1. d4 Nf6 2. Nf3 g6 3. Bg5 Bg7 4. e3 d6 5. Be2 Bf5 6. Nbd2 Nbd7 7. O-O O-O 8.
d5 Nc5 9. Rb1 Nxd5 10. b4 Nc3 11. Qe1 Nxb1 12. Qxb1 Ne4 13. Nxe4 Bxe4 14. Nd2
Bc6 15. h4 h6 16. Bf4 e6 17. b5 Bd7 18. g4 d5 19. Kg2 c6 20. c4 cxb5 21. Rh1 e5
22. Bxe5 Bxe5 23. f4 Bc3 24. Nf3 dxc4 25. h5 Bg7 26. hxg6 fxg6 27. Rxh6 Bxh6
28. Qxg6+ Bg7 29. Ng5 Rf6 30. Qh7+ Kf8 31. Qh5 Bc6+ 32. Kf2 Qd5 0-1

[Event "I Festival A"]
[Site "Bernate Ticino ITA"]
[Date "1998.07.10"]
[Round "3"]
[White "Sala, Gianni"]
[Black "Bemporad, Filippo"]
[Result "1-0"]
[WhiteElo "1729"]
[BlackElo "2050"]
[PlyCount "99"]
[EventDate "1998.07.09"]

1. e4 c5 2. Nf3 d6 3. d4 cxd4 4. Nxd4 Nf6 5. Nc3 e6 6. Be2 Be7 7. Be3 a6 8. Qd2
b5 9. a3 Bb7 10. Bd3 Nc6 11. Nxc6 Bxc6 12. O-O O-O 13. h3 Qc7 14. Rae1 Qb7 15.
Bf4 Rfd8 16. Qe2 Nd7 17. Be3 Bf6 18. Bd2 Ne5 19. f4 Nxd3 20. cxd3 g6 21. e5 Be7
22. d4 a5 23. Ne4 Bxe4 24. Qxe4 Qxe4 25. Rxe4 Rdc8 26. Rc1 Rxc1+ 27. Bxc1 Rc8
28. Bd2 Rc4 29. Bxa5 d5 30. b3 Rc2 31. Re3 Bf8 32. b4 Be7 33. Bb6 Kg7 34. Rf3
f6 35. Bc5 Bd8 36. Kh2 fxe5 37. fxe5 Bg5 38. Bf8+ Kg8 39. Bc5 Kg7 40. Bf8+ Kg8
41. Bc5 Re2 42. Kg3 Re4 43. Kf2 h5 44. a4 bxa4 45. b5 Bd2 46. b6 Be1+ 47. Kg1
Ba5 48. b7 Bc7 49. Rf8+ Kg7 50. Rc8 1-0

[Event "I Festival A"]
[Site "Bernate Ticino ITA"]
[Date "1998.07.10"]
[Round "3"]
[White "Tavecchia, Mario"]
[Black "Zotti, Enrico"]
[Result "0-1"]
[WhiteElo "1630"]
[BlackElo "1725"]
[PlyCount "26"]
[EventDate "1998.07.09"]

1. d4 Nf6 2. Nc3 c5 3. dxc5 Nc6 4. Nf3 e6 5. e4 Bxc5 6. Bd3 a6 7. a3 b5 8. Bg5
h6 9. Bh4 g5 10. Bg3 Nh5 11. Ne5 Nxg3 12. Nxc6 Qf6 13. hxg3 Qxf2# 0-1

[Event "I Festival A"]
[Site "Bernate Ticino ITA"]
[Date "1998.07.11"]
[Round "4"]
[White "Barlocco, Carlo"]
[Black "Lovati, Paolo"]
[Result "1-0"]
[WhiteElo "2215"]
[BlackElo "2050"]
[PlyCount "73"]
[EventDate "1998.07.09"]

1. d4 d6 2. Nf3 g6 3. b3 Bg7 4. Bb2 Nf6 5. Nbd2 O-O 6. g3 Nbd7 7. Bg2 c5 8. O-O
cxd4 9. Nxd4 a6 10. c4 Rb8 11. Rc1 Nc5 12. b4 Ne6 13. N2f3 Nxd4 14. Nxd4 d5 15.
cxd5 Nxd5 16. Qb3 Nf6 17. Rfd1 Qb6 18. a4 Ng4 19. a5 Qa7 20. e3 e5 21. Nf3 Be6
22. Qa4 b5 23. Qa1 f6 24. Rd6 Rfe8 25. Rcc6 Bc8 26. Qc1 Qe7 27. Qc5 Nh6 28. Rc7
Qf8 29. Nd2 Nf5 30. Bd5+ Kh8 31. Rb6 Rxb6 32. axb6 Nd6 33. Ra7 Be6 34. Bxe6
Rxe6 35. b7 Re8 36. Qc7 Rd8 37. Ne4 1-0

[Event "I Festival A"]
[Site "Bernate Ticino ITA"]
[Date "1998.07.11"]
[Round "4"]
[White "Bemporad, Filippo"]
[Black "Lapiccirella, Daniele"]
[Result "1/2-1/2"]
[WhiteElo "2050"]
[BlackElo "1639"]
[PlyCount "69"]
[EventDate "1998.07.09"]

1. d4 d5 2. Nf3 Nf6 3. c4 e6 4. Nc3 Be7 5. e3 O-O 6. Bd3 dxc4 7. Bxc4 c5 8. O-O
a6 9. Qe2 Nc6 10. Rd1 Qc7 11. dxc5 Bxc5 12. a3 b5 13. Bd3 Bb7 14. b4 Be7 15.
Bb2 Rfd8 16. Rac1 Rac8 17. e4 Qb8 18. e5 Nd5 19. Qe4 g6 20. Ne2 Rd7 21. Ng3
Rcd8 22. Bc2 Nb6 23. Qe2 Nc4 24. Bb3 Rxd1+ 25. Bxd1 Rd7 26. Bb3 Nxb2 27. Qxb2
Qd8 28. Ne2 Bf8 29. Re1 Bg7 30. Nf4 Nxe5 31. Nxe5 Rd5 32. Ne2 Rd2 33. Qc3 Rd3
34. Qc2 Rd2 35. Qc3 1/2-1/2

[Event "I Festival A"]
[Site "Bernate Ticino ITA"]
[Date "1998.07.11"]
[Round "4"]
[White "Bonazzi, Edoardo"]
[Black "Pedemonte, Claudio"]
[Result "1-0"]
[WhiteElo "1933"]
[BlackElo "1659"]
[PlyCount "111"]
[EventDate "1998.07.09"]

1. e4 d5 2. exd5 Nf6 3. Nf3 Nxd5 4. d4 Bg4 5. Be2 e6 6. O-O Be7 7. Nbd2 O-O 8.
c4 Nf4 9. b3 Nc6 10. Bb2 Bf6 11. Ne4 Be7 12. Qd2 Nxe2+ 13. Qxe2 Bxf3 14. Qxf3
Nxd4 15. Qe3 c5 16. Rad1 e5 17. Nc3 Re8 18. Qxe5 Bd6 19. Qh5 Re6 20. h3 Rh6 21.
Qd5 Qh4 22. Qe4 Qh5 23. Rfe1 Rf6 24. Kf1 h6 25. Nb5 Re6 26. Qg4 Qxg4 27. hxg4
Rxe1+ 28. Rxe1 Nxb5 29. cxb5 b6 30. Rd1 Be7 31. Rd7 Bf6 32. Bxf6 gxf6 33. Ke2
Kg7 34. Kd3 Kg6 35. Kc4 Re8 36. Rxa7 Re4+ 37. Kd5 Rxg4 38. g3 f5 39. Kc6 f4 40.
Kxb6 f3 41. Rd7 c4 42. bxc4 Rxc4 43. Rd3 Rc2 44. Rxf3 Rxa2 45. Kb7 f5 46. b6
Kg5 47. Rf4 Rb2 48. Kc7 Rc2+ 49. Kb8 h5 50. b7 h4 51. Rxh4 Rxf2 52. Kc7 Rc2+
53. Kb6 Rb2+ 54. Kc6 Rc2+ 55. Kb5 f4 56. Rxf4 1-0

[Event "I Festival A"]
[Site "Bernate Ticino ITA"]
[Date "1998.07.11"]
[Round "4"]
[White "Carbone, Lorenzo"]
[Black "Piazza, Carlo"]
[Result "0-1"]
[WhiteElo "1665"]
[BlackElo "1711"]
[PlyCount "138"]
[EventDate "1998.07.09"]

1. e4 c5 2. Nf3 Nc6 3. d4 cxd4 4. Nxd4 Nf6 5. Nc3 e5 6. Nb3 Bb4 7. Bg5 h6 8.
Bxf6 Bxc3+ 9. bxc3 Qxf6 10. Be2 O-O 11. O-O d6 12. Qd2 a5 13. a4 g5 14. h3 Rd8
15. Rad1 Be6 16. Qe3 Rd7 17. Rd2 Qe7 18. Rfd1 Kg7 19. Rd3 f5 20. exf5 Bxf5 21.
R3d2 Rf8 22. Qg3 Rf6 23. Bg4 Bxg4 24. Qxg4 Rf4 25. Qg3 Rd8 26. Ra1 d5 27. f3 d4
28. cxd4 Nxd4 29. Nxd4 Rdxd4 30. Rxd4 Qc5 31. Qf2 Qxd4 32. Qxd4 Rxd4 33. Kf1
Kf6 34. Ke2 Kf5 35. Ke3 Rb4 36. Ra2 h5 37. g4+ hxg4 38. hxg4+ Ke6 39. Ra3 Kd5
40. Rd3+ Ke6 41. Ra3 b6 42. Rb3 Rxa4 43. Rxb6+ Kd5 44. Rb5+ Kd6 45. c3 Ra3 46.
Kd3 a4 47. Ra5 Ra1 48. Ra6+ Kc5 49. Ra5+ Kd6 50. Ke4 a3 51. Ra6+ Kc5 52. Kd3 a2
53. Kc2 Rf1 54. Rxa2 Rxf3 55. Ra5+ Kd6 56. Ra4 Rf4 57. Ra6+ Kd5 58. Kd3 Rxg4
59. Ra5+ Ke6 60. c4 Rd4+ 61. Kc3 g4 62. Ra8 Kf5 63. Rf8+ Ke4 64. c5 g3 65. Rg8
Kf3 66. Rf8+ Ke2 67. Rg8 Kf2 68. Rg5 g2 69. Rxe5 Rg4 0-1

[Event "I Festival A"]
[Site "Bernate Ticino ITA"]
[Date "1998.07.11"]
[Round "4"]
[White "Dallaglio, Giovanni"]
[Black "Giuberchio, Cesare"]
[Result "1-0"]
[WhiteElo "2070"]
[BlackElo "1723"]
[PlyCount "79"]
[EventDate "1998.07.09"]

1. d4 d5 2. c4 c6 3. Nf3 e6 4. g3 Nf6 5. Bg2 dxc4 6. Ne5 Nbd7 7. Nxc4 Be7 8.
Nc3 O-O 9. e4 Qc7 10. Bf4 Qd8 11. a4 Nb6 12. Qd3 Bb4 13. O-O Qe7 14. a5 Nxc4
15. Qxc4 Ng4 16. h3 e5 17. Bd2 exd4 18. Nd5 cxd5 19. Qxb4 Qxb4 20. Bxb4 Re8 21.
hxg4 dxe4 22. Rad1 d3 23. f3 f5 24. fxe4 fxe4 25. Bxe4 Bxg4 26. Bd5+ Kh8 27.
Rde1 Be2 28. Rf7 Rad8 29. Rf5 h6 30. Bd2 Re7 31. Rf7 Rxf7 32. Bxf7 Rc8 33. Bb3
Rc5 34. Bd1 Rb5 35. Bc3 Bxd1 36. Rxd1 Rd5 37. Kf2 Kg8 38. Ke3 Rg5 39. Be1 Rb5
40. b4 1-0

[Event "I Festival A"]
[Site "Bernate Ticino ITA"]
[Date "1998.07.11"]
[Round "4"]
[White "Genovese, Maurizio"]
[Black "Loncar, Robert"]
[Result "1/2-1/2"]
[WhiteElo "2285"]
[BlackElo "2410"]
[PlyCount "99"]
[EventDate "1998.07.09"]

1. d4 Nf6 2. c4 d6 3. Nc3 Bf5 4. g3 e5 5. dxe5 dxe5 6. Qxd8+ Kxd8 7. Bg2 c6 8.
Nf3 Nbd7 9. Ng5 Bg6 10. h3 h6 11. Nge4 Nxe4 12. Nxe4 f5 13. Nc3 Bf7 14. b3 Bb4
15. Bd2 a5 16. O-O-O Kc7 17. Kb2 Bc5 18. Rhf1 Nb6 19. e4 fxe4 20. Nxe4 Bd4+ 21.
Bc3 Rhd8 22. f4 Bxc3+ 23. Nxc3 Rxd1 24. Nxd1 Rd8 25. fxe5 Bxc4 26. bxc4 Rd2+
27. Kc3 Rxg2 28. Rf7+ Kd8 29. Rxg7 Na4+ 30. Kd3 Nc5+ 31. Ke3 Rxa2 32. Rg6 a4
33. Nc3 Rc2 34. Kd4 b6 35. Nxa4 Nxa4 36. Rxc6 h5 37. Rh6 Rg2 38. Rxh5 Rxg3 39.
Rh7 Nc5 40. Kd5 Nd7 41. h4 Rd3+ 42. Kc6 Nxe5+ 43. Kxb6 Nxc4+ 44. Kc5 Nd6 45. h5
Ke8 46. Ra7 Nf5 47. Kc6 Rh3 48. Kd5 Rxh5 49. Ke6 Nd4+ 50. Kf6 1/2-1/2

[Event "I Festival A"]
[Site "Bernate Ticino ITA"]
[Date "1998.07.11"]
[Round "4"]
[White "Lapiccirella, Mattia"]
[Black "Ponti, Lorenzo"]
[Result "1-0"]
[WhiteElo "2030"]
[BlackElo "1864"]
[PlyCount "29"]
[EventDate "1998.07.09"]

1. d4 f5 2. g3 Nf6 3. Bg2 g6 4. Nf3 Bg7 5. O-O O-O 6. c4 d6 7. Nc3 Qe8 8. d5 c6
9. Nd4 Bd7 10. Rb1 a5 11. b3 Na6 12. Na4 Qd8 13. dxc6 bxc6 14. Nxc6 Rc8 15.
Nxd8 1-0

[Event "I Festival A"]
[Site "Bernate Ticino ITA"]
[Date "1998.07.11"]
[Round "4"]
[White "Mazzini, Antonio"]
[Black "D'Aulisa, Francesco"]
[Result "1-0"]
[WhiteElo "1912"]
[BlackElo "1512"]
[PlyCount "45"]
[EventDate "1998.07.09"]

1. d4 Nf6 2. Nf3 h6 3. g3 d5 4. Bg2 Bf5 5. O-O Nc6 6. c4 e6 7. Nc3 Bb4 8. cxd5
exd5 9. Qb3 Be6 10. Ne5 Bxc3 11. bxc3 Rb8 12. Ba3 Nxe5 13. dxe5 Nd7 14. f4 Nb6
15. f5 Bc8 16. Rfd1 c6 17. e4 Nc4 18. exd5 Ne3 19. dxc6 Nxd1 20. Rxd1 Qb6+ 21.
Qxb6 axb6 22. c7 f6 23. cxb8=Q 1-0

[Event "I Festival A"]
[Site "Bernate Ticino ITA"]
[Date "1998.07.11"]
[Round "4"]
[White "Pagnoncelli, Marco"]
[Black "Sala, Gianni"]
[Result "1-0"]
[WhiteElo "2120"]
[BlackElo "1729"]
[PlyCount "75"]
[EventDate "1998.07.09"]

1. e4 e5 2. Nf3 Nc6 3. Bb5 a6 4. Bxc6 dxc6 5. d4 Bg4 6. dxe5 Qxd1+ 7. Kxd1 Bc5
8. Ke2 O-O-O 9. Be3 Be7 10. Nbd2 f6 11. exf6 Nxf6 12. h3 Bh5 13. g4 Bg6 14. Ne5
Be8 15. f4 Nd7 16. Nxd7 Bxd7 17. Rad1 Rde8 18. Bd4 Rhg8 19. f5 c5 20. Bc3 Bg5
21. e5 Bc6 22. Nf3 Bf4 23. e6 Be4 24. Rhf1 Bxc2 25. Rd7 Ba4 26. Rxg7 Bb5+ 27.
Kf2 Rxg7 28. Bxg7 Bxf1 29. Kxf1 c6 30. Ne5 Bg5 31. Nf7 Bf4 32. Kf2 Kc7 33. Kf3
Bh2 34. Ng5 h6 35. f6 hxg5 36. f7 Rh8 37. Bxh8 Bd6 38. Be5 1-0